Countries with the Most Turkeys - Statistics

General Stats
  • This quiz has been taken 173 times
  • The average score is 10 of 15
Answer Stats
# Turkey Country % Correct
263,308 United States
97%
7,642 United Kingdom
92%
29,494 France
90%
10,115 Germany
88%
5,551 Canada
86%
24,864 Italy
81%
18,827 Brazil
76%
3,344 Turkey
75%
2,923 Argentina
68%
5,844 Poland
65%
23,810 Chile
55%
6,691 Portugal
41%
6,213 Morocco
17%
4,034 Israel
14%
6,184 Tunisia
12%
No matching quizzes found
Score Distribution
Percent of People with Each Score
Percentile by Number Answered
Your Score History
You have not taken this quiz